Arabská ekonomika koketuje s liberalizací. Dopady války v Perském zálivu a strach z rozpadu OPEC.

Vojna v Perzskom zálive spôsobila arabským štátom škody vo výške 60 mld. USD. Kapitálové vyčerpanie Saudskej Arábie a Kuvajtu viedlo k prehodnoteniu rozsiahlej investičnej činnosti a k oslabeniu pomoci chudobnejším arabským krajinám. V mnohých arabských krajinách, ktoré budovali centralizované byrok...

Descrizione completa

Salvato in:
Dettagli Bibliografici
Autore principale: Jankovec, M.
Natura: Capitolo di libro
Lingua:ceco
Soggetti:
Tags: Aggiungi Tag
Nessun Tag, puoi essere il primo ad aggiungerne!!

MARC

LEADER 00000naa a2200000 4500
001 r010961
005 20220831083510.4
041 0 |a cze 
044 |a [CS] 
245 1 0 |a Arabská ekonomika koketuje s liberalizací.  |b Dopady války v Perském zálivu a strach z rozpadu OPEC.  |c M. Jankovec 
520 |a Vojna v Perzskom zálive spôsobila arabským štátom škody vo výške 60 mld. USD. Kapitálové vyčerpanie Saudskej Arábie a Kuvajtu viedlo k prehodnoteniu rozsiahlej investičnej činnosti a k oslabeniu pomoci chudobnejším arabským krajinám. V mnohých arabských krajinách, ktoré budovali centralizované byrokratické ekonomické systémy, nastal pohyb k vnútornej hospodárskej liberalizácii. Charakteristika vývoja v Saudskej Arábii, Kuvajte, Alžírsku, Líbyi a Sýrii. 
610 2 0 |a OPEC 
610 2 0 |a liberalizácia 
610 2 0 |a Saudská Arábia 
610 2 0 |a Kuvajt 
610 2 0 |a Alžírsko 
610 2 0 |a Líbya 
610 2 0 |a Sýria 
610 2 0 |a vojny 
610 2 0 |a Perzský záliv 
610 2 0 |a vývoj hospodársky 
100 1 |a Jankovec, M.